Die Tragödie der deutschen Jugend : Essay

Der Essay schildert Weg und Schicksal der jungen deutschen Generation vom Hohen Meißner der Jugendbewegung in die Kasernen Hitlers und prognostizierte die gewaltsame Unterdrückung der sozialrevolutionären Tendenzen in der NSDAP. Im Juni 1934, wenige Tage vor der »Nacht der langen Messer«, ist der Es...

Ausführliche Beschreibung

Bibliographische Detailangaben
1. Verfasser: Noth, Ernst Erich 1909-1983 (VerfasserIn)
Weitere Verfasser: Noth, Claudia (HerausgeberIn)
Format: Buch
Sprache:German
Veröffentlicht: Frankfurt am Main : glotzi-Verl., 2002
Ausgabe:Dt. Erstausg.
Schlagworte:Youth National socialism Youth / Germany George-Kreis Deutschland Jugend Geschichte 1933-1934 Drittes Reich
Umfang:285 S
LEADER 01000cam a2200265 c 4500
001 345106938
003 DE-627
005 20250702122215.0
007 tu
008 020327s2002 gw ||||| 00| ||ger c
010 |a  2003435177 
015 |a 02,N15,0639  |2 dnb 
015 |a 02,A42,1689  |2 dnb 
016 7 |a 963974319  |2 DE-101 
020 |a 3935333021  |q kart. : EUR 28.00 
024 3 |a 9783935333023 
035 |a (DE-627)345106938 
035 |a (DE-576)098658042 
035 |a (DE-599)GBV345106938 
040 |a DE-627  |b ger  |c DE-627  |e rakwb 
041 |a ger 
044 |c XA-DE 
050 0 |a HQ799.G3 
084 |a 63  |2 sdnb 
084 |a 8,1  |2 ssgn 
084 |a GM 1451  |2 rvk  |0 (DE-625)rvk/41772: 
084 |a GM 7651  |q BVB  |2 rvk  |0 (DE-625)rvk/42411: 
084 |a NQ 2260  |2 rvk  |0 (DE-625)rvk/128240: 
084 |a 15.43  |2 bkl 
100 1 |a Noth, Ernst Erich  |d 1909-1983  |e verfasserin  |0 (DE-588)10998689X  |0 (DE-627)133842347  |0 (DE-576)162403208  |4 aut 
240 1 3 |a La tragédie de la jeunesse allemande <dt.> 
245 1 4 |a Die Tragödie der deutschen Jugend  |b Essay  |c Ernst Erich Noth. [Hrsg.: Claudia Noth] 
250 |a Dt. Erstausg. 
264 1 |a Frankfurt am Main  |b glotzi-Verl.  |c 2002 
300 |a 285 S  |c 22 cm 
336 |a Text  |b txt  |2 rdacontent 
337 |a ohne Hilfsmittel zu benutzen  |b n  |2 rdamedia 
338 |a Band  |b nc  |2 rdacarrier 
500 |a erschien 1934 u.d.T.: La Tragédie de la Jeunesse allemande in Paris bei Grasset 
520 |a Der Essay schildert Weg und Schicksal der jungen deutschen Generation vom Hohen Meißner der Jugendbewegung in die Kasernen Hitlers und prognostizierte die gewaltsame Unterdrückung der sozialrevolutionären Tendenzen in der NSDAP. Im Juni 1934, wenige Tage vor der »Nacht der langen Messer«, ist der Essay in Paris in französischer Übersetzung erschienen. 
583 1 |a Archivierung prüfen  |c 20240324  |f DE-4165  |z 2  |2 pdager 
600 1 7 |0 (DE-588)11853856X  |0 (DE-627)134203925  |0 (DE-576)161089003  |a George, Stefan  |d 1868-1933  |2 gnd  |7 (dpeaa)DE-24/stga 
610 2 7 |0 (DE-588)31334-8  |0 (DE-627)10073829X  |0 (DE-576)190312742  |a Hitler-Jugend  |2 gnd 
650 0 |a Youth  |z Germany 
650 0 |a National socialism 
650 0 |a Youth / Germany  |x National socialism  |x National socialism  |x Social conditions  |x Youth  |x Nationalsozialismus  |x Jugendpolitik  |x Jugend  |x Drittes Reich  |x Germany / Social conditions / 1918-1933 / Germany / Deutschland 
650 0 7 |0 (DE-588)4137996-2  |0 (DE-627)105645869  |0 (DE-576)209682353  |a George-Kreis  |2 gnd  |7 (dpeaa)DE-24/stga 
689 0 0 |D g  |0 (DE-588)4011882-4  |0 (DE-627)104704861  |0 (DE-576)208896155  |a Deutschland  |2 gnd 
689 0 1 |D s  |0 (DE-588)4028859-6  |0 (DE-627)104419199  |0 (DE-576)208979859  |a Jugend  |2 gnd 
689 0 2 |A z  |2 gnd  |a Geschichte 1933-1934 
689 0 |5 DE-101 
689 1 0 |D s  |0 (DE-588)4013021-6  |0 (DE-627)104682922  |0 (DE-576)208901639  |a Drittes Reich  |2 gnd 
689 1 1 |D s  |0 (DE-588)4028859-6  |0 (DE-627)104419199  |0 (DE-576)208979859  |a Jugend  |2 gnd 
689 1 2 |A z  |2 gnd  |a Geschichte 1933-1934 
689 1 |5 DE-101 
700 1 |a Noth, Claudia  |e hrsg  |4 edt 
700 1 2 |a Noth, Ernst Erich  |d 1909-1983  |t La tragédie de la jeunesse allemande <dt.> 
856 4 2 |u https://swbplus.bsz-bw.de/bsz098658042inh.htm  |m B:DE-576;DE-21  |q application/pdf  |v 20170125163017  |x Verlag  |3 Inhaltsverzeichnis  |7 1 
856 4 2 |u https://swbplus.bsz-bw.de/bsz098658042kla.htm  |m B:DE-576;DE-21  |q application/pdf  |v 20170125163017  |x Verlag  |3 Klappentext  |7 1 
912 |a GBV_ILN_22 
912 |a ISIL_DE-18 
912 |a SYSFLAG_1 
912 |a GBV_KXP 
912 |a SSG-OPC-ANG 
912 |a GBV_ILN_22_i30908 
912 |a GBV_ILN_24 
912 |a ISIL_DE-8 
912 |a GBV_ILN_39 
912 |a ISIL_DE-547 
912 |a GBV_ILN_40 
912 |a ISIL_DE-7 
912 |a GBV_ILN_60 
912 |a ISIL_DE-705 
912 |a GBV_ILN_121 
912 |a ISIL_DE-45 
912 |a GBV_ILN_350 
912 |a ISIL_DE-2795 
912 |a GBV_ILN_350_ 
912 |a GBV_ILN_606 
912 |a ISIL_DE-B1549 
912 |a GBV_ILN_2001 
912 |a ISIL_DE-21 
912 |a GBV_ILN_2003 
912 |a ISIL_DE-25 
912 |a GBV_ILN_2004 
912 |a ISIL_DE-25-99 
912 |a GBV_ILN_2005 
912 |a ISIL_DE-291 
912 |a GBV_ILN_2007 
912 |a ISIL_DE-352 
912 |a GBV_ILN_2008 
912 |a ISIL_DE-24 
912 |a GBV_ILN_2011 
912 |a ISIL_DE-16 
912 |a GBV_ILN_2015 
912 |a ISIL_DE-93 
912 |a GBV_ILN_2021 
912 |a ISIL_DE-289 
912 |a GBV_ILN_2043 
912 |a ISIL_DE-Mar1 
912 |a GBV_ILN_2044 
912 |a ISIL_DE-751 
912 |a GBV_ILN_2489 
912 |a ISIL_DE-F186 
912 |a GBV_ILN_2505 
912 |a ISIL_DE-B478 
935 |a StGB 
935 |i Blocktest 
936 r v |a GM 1451  |b Darstellungen  |k Germanistik. Niederlandistik. Skandinavistik  |k Deutsche Literatur  |k Das 20. Jahrhundert und Moderne I  |k Das 20. Jahrhundert und Moderne I. 1885 - 1945  |k Literaturgeschichte  |k Exilliteratur  |k Darstellungen  |0 (DE-627)1270653717  |0 (DE-625)rvk/41772:  |0 (DE-576)200653717 
936 r v |a GM 7651  |b Sonstige  |k Germanistik. Niederlandistik. Skandinavistik  |k Deutsche Literatur  |k Das 20. Jahrhundert und Moderne I  |k Das 20. Jahrhundert und Moderne I. 1885 - 1945  |k Literaturgeschichte  |k Einzelne Autoren  |k Sonstige  |0 (DE-627)1270637622  |0 (DE-625)rvk/42411:  |0 (DE-576)200637622 
936 r v |a NQ 2260  |b Jugend  |k Geschichte  |k Geschichte seit 1918  |k Drittes Reich  |k Innere Geschichte  |k Jugend  |0 (DE-627)1270875507  |0 (DE-625)rvk/128240:  |0 (DE-576)200875507 
936 b k |a 15.43  |j Deutsche Geschichte des 19. Jahrhunderts bis zur Gegenwart  |0 (DE-627)181569701 
951 |a BO 
980 |2 22  |1 01  |x 0018  |b 606937811  |c 00  |f 18/309-EX  |d 1.prim [Noth, E. E.]  |e c  |j --%%--  |k C3002  |y zi30908  |z 30-06-03 
980 |2 24  |1 01  |x 0008  |b 1254446680  |c 00  |f 10 ger 940:not 4  |d Bp 3746  |e u  |j --%%--  |h gf  |y zz1  |z 29-06-11 
980 |2 39  |1 01  |x 0547  |b 55690219X  |c 00  |f MAG  |d 348400  |e u  |j --%%--  |y zet1  |z 21-10-02 
980 |2 40  |1 01  |x 0007  |b 556683641  |c 00  |f FMAG  |d 2002 A 9011  |e u  |j --%%--  |y ksn  |z 28-05-02 
980 |2 60  |1 01  |x 0705  |b 556474457  |c 00  |f WOW  |d POL 200:YB0079  |e u  |j --%%--  |y z  |z 14-08-02 
980 |2 121  |1 01  |x 0045  |b 599644532  |c 00  |f --%%--  |d 03-2581  |e u  |j --%%--  |h alma  |y z  |z 29-04-03 
980 |2 350  |1 01  |x 8293  |b 4504618028  |c 00  |f LESESAAL  |d Cgd 1188  |e i  |j --%%--  |y z  |z 27-03-24 
980 |2 606  |1 01  |x 4606  |b 4730460138  |c 00  |f T  |d Cp Jug Not  |e i  |j --%%--  |y zt  |z 03-06-25 
980 |2 2001  |1 01  |x DE-21  |b 325854025X  |c 00  |f --%%--  |d 57 A 530  |e --%%--  |j --%%--  |y l01  |z 11-01-17 
980 |2 2003  |1 01  |x DE-25  |b 3258540330  |c 00  |f --%%--  |d GE 2002/5812  |e --%%--  |j --%%--  |y l01  |z 03-07-02 
980 |2 2004  |1 01  |x DE-25-99  |b 3258540411  |c 00  |f --%%--  |d Frei 99: G 4/2900  |e p  |j --%%--  |y l01  |z 07-05-02 
980 |2 2005  |1 01  |x DE-291  |b 3258540489  |c 00  |f --%%--  |d 2003-2127  |e --%%--  |j --%%--  |y l01  |z 10-02-03 
980 |2 2007  |1 01  |x DE-352  |b 3258540586  |c 00  |f --%%--  |d deu 959:n912:k/t71  |e --%%--  |j --%%--  |y l01  |z 13-06-02 
980 |2 2008  |1 01  |x DE-24  |b 3258540640  |c 00  |f --%%--  |d 52/8020  |e --%%--  |j --%%--  |c 01  |f Magazin 9  |d GM 1451 52/8020  |e --%%--  |j --%%--  |k sa  |y l01  |z 20-09-02 
980 |2 2008  |1 02  |x DE-24  |b 4437818997  |c 00  |f --%%--  |d --%%--  |e p  |j n  |c 01  |f Stefan-George-Archiv  |d --%%--  |e --%%--  |j --%%--  |k *** Kein Bestand vorhanden, Inhalte teilweise ausgewertet. - George Seite 177 ff., 198  |y l02  |z 15-12-23 
980 |2 2011  |1 01  |x DE-16  |b 325854073X  |c 00  |f --%%--  |d 2002 A 8357  |e --%%--  |j --%%--  |y l01  |z 16-08-02 
980 |2 2015  |1 01  |x DE-93  |b 3258540853  |c 00  |f --%%--  |d --%%--  |e --%%--  |j l  |y l01  |z 19-03-12 
980 |2 2021  |1 01  |x DE-289  |b 3258540926  |c 00  |f P 40  |d HQ 795/1934 Na  |e --%%--  |j --%%--  |y l01  |z 21-01-03 
980 |2 2043  |1 01  |x DE-Mar1  |b 3258541000  |c 00  |f --%%--  |d --%%--  |e l  |j --%%--  |y l01  |z 21-08-02 
980 |2 2044  |1 01  |x DE-751  |b 3258541094  |c 00  |f --%%--  |d M 7.3.3 NOT  |e --%%--  |j --%%--  |c 01  |f --%%--  |d 504803  |e --%%--  |j --%%--  |y l01  |z 17-06-03 
980 |2 2044  |1 03  |x DE-751  |b 3258541124  |c 00  |f --%%--  |d M 7.3.3 NOT  |e p  |j --%%--  |c 01  |f --%%--  |d 504803  |e --%%--  |j --%%--  |k SR/Allg. Pädagogik  |y l01  |z 28-11-03 
980 |2 2489  |1 01  |x DE-F186  |b 325854123X  |c 00  |f --%%--  |d 2013/335  |e p  |j --%%--  |y l01  |z 17-03-15 
980 |2 2505  |1 01  |x DE-B478  |b 3258541329  |c 00  |f --%%--  |d --%%--  |e --%%--  |j --%%--  |k dfg03  |y l01  |z 10-07-15 
982 |2 2489  |1 01  |x DE-F186  |8 00  |s s  |a Jugend 
982 |2 2489  |1 01  |x DE-F186  |8 00  |s s  |a Deutschland / Geschichte 1933-1945 
982 |2 2489  |1 01  |x DE-F186  |8 00  |s s  |a Drittes Reich 
982 |2 2489  |1 01  |x DE-F186  |8 01  |s s  |a Jugend 
982 |2 2489  |1 01  |x DE-F186  |8 01  |s z  |a Geschichte 1933-1934 
982 |2 2489  |1 01  |x DE-F186  |8 02  |s s  |a Nationalsozialismus 
982 |2 2489  |1 01  |x DE-F186  |8 02  |s s  |a Jugend 
982 |2 2505  |1 01  |x DE-B478  |8 00  |s f  |a Nachdruck 
982 |2 2505  |1 01  |x DE-B478  |8 00  |s s  |a Nationalsozialismus 
982 |2 2505  |1 01  |x DE-B478  |8 00  |s s  |a Machtergreifung 
982 |2 2505  |1 01  |x DE-B478  |8 00  |s s  |a Jugend 
982 |2 2505  |1 01  |x DE-B478  |8 00  |s s  |a Jugendpolitik 
982 |2 2505  |1 01  |x DE-B478  |8 00  |s s  |a Jugendverband 
982 |2 2505  |1 01  |x DE-B478  |8 00  |s s  |a Gleichschaltung 
982 |2 2505  |1 01  |x DE-B478  |8 00  |s s  |a Politische Bildung 
982 |2 2505  |1 01  |x DE-B478  |8 00  |s f  |a Quelle 
982 |2 2505  |1 01  |x DE-B478  |8 01  |s z  |a 1933-1934 
983 |2 39  |1 00  |x DE-547  |8 01  |a GM 7651 
983 |2 39  |1 00  |x DE-547  |8 02  |a DU 3000 
983 |2 40  |1 00  |x DE-7  |8 00  |0 (DE-627)621354945  |a PIP 300  |b Gesellschaft {Deutsche Geschichte: 1933-1945} 
983 |2 60  |1 00  |x DE-705  |8 04  |a POL 200 
983 |2 2489  |1 01  |x DE-F186  |8 00  |a NQ 1760 
983 |2 2489  |1 01  |x DE-F186  |8 01  |a NQ 2280 
984 |2 22  |1 01  |x 0018  |a 080086402 
984 |2 24  |1 01  |x 0008  |a 8$0000496197 
984 |2 39  |1 01  |x 0547  |a 547$010027351 
984 |2 40  |1 01  |x 0007  |a 7$214815447 
984 |2 60  |1 01  |x 0705  |a 705/0$21835810 
984 |2 121  |1 01  |x 0045  |a 45$16334192 
984 |2 350  |1 01  |x 8293  |a 9783935333021 
985 |2 22  |1 01  |x 0018  |a 03/93 
985 |2 39  |1 01  |x 0547  |a 2002025362 
985 |2 60  |1 01  |x 0705  |a 2002 06303 
985 |2 350  |1 01  |x 8293  |a 2024/0446 
985 |2 606  |1 01  |x 4606  |a 25/00488 
985 |2 2489  |1 01  |x DE-F186  |a 2013:00155 
995 |2 24  |1 01  |x 0008  |a gf 
995 |2 121  |1 01  |x 0045  |a alma 
998 |2 40  |1 01  |x 0007  |0 2002-05  |a d 
998 |2 2001  |1 01  |x DE-21  |0 1701  |f 7